Statistics for Football Clubs in the Most UEFA Champions League Finals

Click here to take the quiz!

General Stats

  • This quiz has been taken 112 times
  • The average score is 9 of 10

Answer Stats

#Year(s)Club% Correct
161956-1960, 1962, 1964, 1966, 1981, 1998, 2000, 2002, 2014, 2016-2018Real Madrid
100%
81961, 1986, 1992, 1994, 2006, 2009, 2011, 2015Barcelona
99%
111958, 1963, 1969, 1989-1990, 1993-1995, 2003, 2005, 2007AC Milan
98%
111974-1976, 1982, 1987, 1999, 2001, 2010, 2012-2013, 2020Bayern Munich
98%
91973, 1983, 1985, 1996-1998, 2003, 2015, 2017Juventus
98%
51968, 1999, 2008, 2009, 2011Manchester United
97%
91977-1978, 1981, 1984-1985, 2005, 2007, 2018-2019Liverpool
96%
51964-1965, 1967, 1972, 2010Inter Milan
95%
61969, 1971-1973, 1995-1996Ajax
91%
71961-1963, 1965, 1968, 1988, 1990Benfica
71%

Score Distribution

Percentile by Number Answered

Percent of People with Each Score

Your Score History

You have not taken this quiz